书目信息 |
| 题名: |
谁来为21世纪中国加油
|
|
| 作者: | 李向阳 著 | |
| 分册: | ||
| 出版信息: | 北京 中国社会科学出版社 2005 |
|
| 页数: | 315页 | |
| 开本: | 21cm | |
| 丛书名: | ||
| 单 册: | ||
| 中图分类: | F426.22 | |
| 科图分类: | ||
| 主题词: | 石油工业--经济发展--研究--中国 | |
| 电子资源: | ||
| ISBN: | 7-5004-4893-7 | |
| 000 | 00802nam0 2200217 450 | |
| 001 | TS2006027475 | |
| 005 | 20070806103835.67 | |
| 010 | @a7-5004-4893-7@dCNY25.00 | |
| 100 | @a20060829d2005 em y0chiy0110 ea | |
| 101 | 0 | @achi |
| 102 | @aCN@b110000 | |
| 105 | @aa z 000yy | |
| 200 | 1 | @a谁来为21世纪中国加油@Ashei lai wei 21 shi ji zhong guo jia you@f李向阳著@FLi Xiang Yang Zhu |
| 210 | @a北京@c中国社会科学出版社@d2005 | |
| 215 | @a315页@c照片,图@d21cm | |
| 330 | @a本书分七部分,详尽地再现了中外石油发展的历程,提示了石油未来走势及其所依托的广阔背景,特别是崛起的中国对世界石油的影响和石油对中国崛起的影响。 | |
| 606 | 0 | @a石油工业@x经济发展@x研究@y中国 |
| 690 | @aF426.22@v4 | |
| 701 | 0 | @a李向阳@Ali xiang yang@c(记者)@4著 |
| 801 | 0 | @aCN@b中图数据@c20070806 |
| 905 | @a10447@dF426.22@e100 | |
| 谁来为21世纪中国加油/李向阳著.-北京:中国社会科学出版社,2005 |
| 315页:照片,图;21cm |
| ISBN 7-5004-4893-7:CNY25.00 |
| 本书分七部分,详尽地再现了中外石油发展的历程,提示了石油未来走势及其所依托的广阔背景,特别是崛起的中国对世界石油的影响和石油对中国崛起的影响。 |
| ● |
| 相关链接 |
|
|
|
|
正题名:谁来为21世纪中国加油
索取号:F426.22/100
 
预约/预借
| 序号 | 登录号 | 条形码 | 馆藏地/架位号 | 状态 | 备注 |
| 1 | 0601954 | 206019547 | 第一样本阅览室/ [索取号:F426.22/100] | 在馆 | |
| 2 | 0601955 | 206019556 | 密集书库/ [索取号:F426.22/100] | 在馆 | |
| 3 | 0601956 | 206019565 | 密集书库/ [索取号:F426.22/100] | 在馆 | |
| 4 | 0601957 | 206019574 | 密集书库/ [索取号:F426.22/100] | 在馆 | |
| 5 | 0601958 | 206019583 | 密集书库/ [索取号:F426.22/100] | 在馆 | |
| 6 | 0601959 | 206019592 | 密集书库/ [索取号:F426.22/100] | 在馆 |